Doña Barbara / (Registro nro. 8263)

Detalles MARC
000 -LIDER
fixed length control field 00599nam a2200229 a 4500
001 - NÚMERO DE CONTROL
Identificador de número de control 000022701
003 - IDENTIFICACDOR DE NÚMERO DE CONTROL
control field DO-SdBNP
005 - DATE AND TIME OF LATEST TRANSACTION
control field 20220711112342.0
007 - CAMPOS FIJOS DE DESCRIPCIÓN FÍSICA
fixed length control field 000022701
008 - ELEMENTOS DE LONGITUD FIJA
fixed length control field 101115s 19uu xxu 000 f spa d
040 ## - FUENTE DE CATALOGACIÓN
Agencia que crea de manera original el registro BPMSU
Idioma de catalogación spa
Agencia que realiza la transcripción BPMSU
082 ## - NÚMERO DE CLASIFICACIÓN DECIMAL DE DEWEY
Classification number V863.42
Item number G166d
Edition number 22
100 1# - ASIENTO PRINCIPAL -- NOMBRE PERSONAL
Nombre personal Gallegos, Rómulo,
Fechas asociadas con el nombre 1884-1969
245 10 - MENCIÓN DE TITULO
Título Doña Barbara /
Mención de responsabilidad Rómulo Gallegos.
260 ## - PUBLICACIÓN, DISTRIBUCIÓN, ETC. (PIE DE IMPRENTA)
Lugar de publicación, distribución, etc [s.l. ] :
Nombre del editor, distribuidor, etc. [s. n. ],
Fecha de publicación, distribución, etc 190-?].
300 ## - DESCRIPCIÓN FÍSICA
Extensión 84 p. ;
Dimensiones 22 cm.
590 ## - NOTA LOCAL
Enlace Inventariado,2022/VM
650 #4 - ENCABEZAMIENTO DE MATERIA--TEMÁTICO
Término temático o nombre geográfico como elemento de entrada Novela venezolana
650 #4 - ENCABEZAMIENTO DE MATERIA--TEMÁTICO
Término temático o nombre geográfico como elemento de entrada Literatura venezolana
910 ## - VALIDACIÓN
Validación VMateo V.
942 ## - ADDED ENTRY ELEMENTS (KOHA)
Source of classification or shelving scheme Dewey Decimal Classification
Koha item type Libros
Existencias
Withdrawn status Lost status Source of classification or shelving scheme Damaged status Not for loan Collection code Home library Current library Date acquired Source of acquisition Full call number Barcode Date last seen Price effective from Koha item type Copy number
    Dewey Decimal Classification     Colección Juvenil General Biblioteca Pública Metropolitana Salomé Ureña Biblioteca Pública Metropolitana Salomé Ureña 09/18/2015 COMPRA BPMSU CG V863.42 G166d BPMSU15090106 09/18/2015 09/18/2015 Libros  
    Dewey Decimal Classification     Colección Juvenil General Biblioteca Pública Metropolitana Salomé Ureña Biblioteca Pública Metropolitana Salomé Ureña 09/18/2015 COMPRA BPMSU CG V863.42 G166d BPMSU15090107 09/18/2015 09/18/2015 Libros e. 2
    Dewey Decimal Classification     Colección Juvenil General Biblioteca Pública Metropolitana Salomé Ureña Biblioteca Pública Metropolitana Salomé Ureña 09/18/2015 COMPRA BPMSU CG V863.42 G166d BPMSU15090108 09/18/2015 09/18/2015 Libros e. 3